000
00343 a2200157 4500
001
121851
020
_a
9788540306196
040
_c
Escola Canadense de Niteroi
100
_a
Bhaskara, Marcelo
245
1
0
_a
Matemática 7
300
_b
il.
362
0
_a
2018
490
0
_a
Contextualizando Saberes
650
4
_a
Matemática
942
_c
BK
999
_c
121851
_d
121851